Real Madrid Squad Numbers - (2000-2025) - Statistics

General Stats
  • This quiz has been taken 92 times
    36 since last reset
  • The average score is 21 of 25
Answer Stats
Squad Number Player % Correct
#1 Thibaut Courtois | Keylor Navas | Iker Casillas | Alphonse Areola
100%
#7 Cristiano Ronaldo | Eden Hazard | Mariano Díaz | Vinícius Júnior
97%
#9 Endrick | Kylian Mbappé | Karim Benzema | Cristiano Ronaldo | Ronaldo | Fernando Morientes | Javier Saviola | Roberto Soldado
97%
#11 Karim Benzema | Gareth Bale | Arjen Robben | Ricardo Carvalho | Esteban Granero | Marco Asensio | Cicinho | Michael Owen | Javier Portillo | Ronaldo | Sávio | Rodrygo
97%
#2 Daniel Carvajal | Raphaël Varane | Álvaro Arbeloa | Míchel Salgado | Ricardo Carvalho
94%
#10 Kylian Mbappe | Luka Modrić | Luís Figo | Clarence Seedorf | James Rodríguez | Mesut Özil | Wesley Sneijder | Lassana Diarra | Robinho
94%
#3 Pepe | Éder Militão | Roberto Carlos | Jesús Vallejo
94%
#4 Sergio Ramos | Fernando Hierro | David Alaba | Borja Fernández | Rubén González
94%
#5 Zinédine Zidane | Raphaël Varane | Fernando Gago | Fabio Cannavaro | Fábio Coentrão | Jude Bellingham | Jesús Vallejo | Nuri Şahin | Manolo Sanchís
94%
#15 Federico Valverde | Daniel Carvajal | Iván Helguera | Fábio Coentrão | Fernando Morientes | Theo Hernández | Michael Essien | Álvaro Negredo | Royston Drenthe | Raúl Bravo | Fábio Coentrão | David Mateos | Njitap Geremi | Arda Güler
90%
#6 Nacho Fernández | Sami Khedira | Eduardo Camavinga | Mahamadou Diarra | Lassana Diarra | Iván Helguera | Emmanuel Adebayor
90%
#13 Thibaut Courtois | Keylor Navas | Kiko Casilla | Diego López | César Sánchez | Jesús Fernández | Antonio Adán | Jerzy Dudek | Jordi Codina | Andriy Lunin | Carlos Sánchez
90%
#8 Toni Kroos | Kaká | Fernando Gago | Steve McManaman | Fernando Morientes | Júlio Baptista | Émerson | Federico Valverde
90%
#14 Casemiro | Guti | Xabi Alonso | Joselu | Chicharito | Jonathan Woodgate | Aurélien Tchouaméni
87%
#12 Marcelo | Trent Alexander-Arnold | Eduardo Camavinga | Iván Campo | Pablo García | Tote
87%
#16 Casemiro | Mateo Kovacic | Luka Jović | Álvaro Odriozola | Gonzalo Garcia | Gabriel Heinze | James Rodríguez | Borja Mayoral | Lucas Silva | Sergio Canales | Fernando Gago | Thomas Gravesen | Hamit Altıntop | Flávio Conceição | Samuel Eto'o | Endrick
81%
#20 Vinícius Júnior | Gonzalo Higuaín | Marco Asensio | Jesé | Albert Celades | Fran García
77%
#22 Ángel Di María | Isco | Xabi Alonso | Antonio Rüdiger | Miguel Torres | Francisco Pavón | Álvaro Benito | Alberto Rivera
74%
#19 Luka Modrić | Raphaël Varane | Álvaro Odriozola | Achraf Hakimi | Dani Ceballos | Ezequiel Garay | Rafael van der Vaart | Klaas-Jan Huntelaar | Júlio Baptista | José Antonio Reyes | Antonio Cassano | Javier Portillo | Walter Samuel | Esteban Cambiasso | Elvir Baljic
74%
#17 Ruud van Nistelrooy | Álvaro Arbeloa | Lucas Vázquez | Dani Parejo | Raul Asencio | Javier Portillo | Pedro Munitis | Óscar Miñambres | Alberto Rivera
74%
#23 Isco | Mesut Özil | Mateo Kovacic | Danilo | Denis Cheryshev | Ferland Mendy | Sergio Reguilón | Rafael van der Vaart | Wesley Sneijder | David Beckham | Pedro Mendes | Pedro Munitis | Júlio César
71%
#18 Aurélien Tchouaméni | Gareth Bale | Luka Jović | Marcos Llorente | Mariano Díaz | Lucas Vázquez | Nacho Fernández | Raúl Albiol | Jonathan Woodgate | Javier Saviola | Julien Faubert | Rubén de la Red | Antonio Cassano | Javier Portillo | Aitor Karanka | Jesús Vallejo | Alvaro Carreras
68%
#24 Dean Huijsen | Sami Khedira | Arda Güler | Claude Makélélé | Dani Ceballos | Mariano Díaz | Asier Illarramendi | Lassana Diarra | Esteban Granero | Javi García | Álvaro Mejía | Javier Balboa | Nacho Fernández
68%
#25 Iker Casillas | Thibaut Courtois | Diego López | Kepa Arrizabalaga | Jerzy Dudek | Rubén Yáñez | Fernando Pacheco | Jesús Fernández | Antonio Adán | Tomás Mejías | Kiko Casilla | César Sánchez | Carlos Sánchez | Óscar Miñambres
68%
#21 Rodrygo | Álvaro Morata | Brahim Díaz | Martin Ødegaard | José Callejón | Álvaro Morata | Denis Cheryshev | Borja Mayoral | Pedro León | Christoph Metzelder | Iván Helguera | Santiago Solari | Carlos Diogo
68%
No matching quizzes found
Score Distribution
Percent of People with Each Score
Percentile by Number Answered
Your Score History
You have not taken this quiz since the last reset